[Event "DEM U14 2018"]
[Site "Willingen GER"]
[Date "2018.05.21"]
[Round "3"]
[White "Kirchner, Markus"]
[Black "Fromm, Marius"]
[Result "1/2-1/2"]
[Termination "normal"]
[Board "15"]
[WhiteElo "1851"]
[BlackElo "2014"]
[WhiteClock "00:53:38"]
[BlackClock "00:33:05"]
[PlyCount "48"]
[WhiteFideId "12979163"]
[BlackFideId "12993190"]
[EventCountry "GER"]
[EventRounds "9"]
[EventType "swiss"]
[EventDate "2018.05.19"]

1. e4 {[%clk 1:30:54]} 1... e6 {[%clk 1:30:54]} 2. d4 {[%clk 1:31:19]} 2... d5
{[%clk 1:31:20]} 3. Nd2 {[%clk 1:31:45]} 3... c5 {[%clk 1:31:45]} 4. exd5 {
[%clk 1:32:06]} 4... Qxd5 {[%clk 1:32:09]} 5. Ngf3 {[%clk 1:32:24]} 5... cxd4 {
[%clk 1:32:31]} 6. Bc4 {[%clk 1:32:46]} 6... Qd6 {[%clk 1:32:57]} 7. O-O {
[%clk 1:33:11]} 7... Nf6 {[%clk 1:33:23]} 8. Nb3 {[%clk 1:33:12]} 8... Nc6 {
[%clk 1:33:43]} 9. Nbxd4 {[%clk 1:33:17]} 9... Nxd4 {[%clk 1:34:06]} 10. Nxd4 {
[%clk 1:33:41]} 10... a6 {[%clk 1:34:28]} 11. Re1 {[%clk 1:34:01]} 11... Qc7 {
[%clk 1:34:46]} 12. Bb3 {[%clk 1:34:13]} 12... Bd7 {[%clk 1:30:12]} 13. Bg5 {
[%clk 1:28:06]} 13... Bd6 {[%clk 1:23:37]} 14. h3 {[%clk 1:28:07]} 14... h6 {
[%clk 1:10:29]} 15. Bxf6 {[%clk 1:15:26]} 15... gxf6 {[%clk 1:10:54]} 16. Qh5 {
[%clk 1:15:13]} 16... Qc5 {[%clk 0:53:57]} 17. Nxe6 {[%clk 1:11:34]} 17... Qxh5
{[%clk 0:52:18]} 18. Ng7+ {[%clk 1:11:11]} 18... Kf8 {[%clk 0:52:40]} 19. Nxh5
{[%clk 1:11:26]} 19... Be5 {[%clk 0:51:39]} 20. c3 {[%clk 1:08:05]} 20... Bc6 {
[%clk 0:49:19]} 21. Re3 {[%clk 1:03:39]} 21... Rg8 {[%clk 0:47:11]} 22. g3 {
[%clk 1:03:14]} 22... Re8 {[%clk 0:38:46]} 23. Rae1 {[%clk 1:01:11]} 23... Rd8
{[%clk 0:34:44]} 24. Rd1 {[%clk 0:53:38]} 24... Re8 {[%clk 0:33:05]} 1/2-1/2

[Event "DEM U14 2018"]
[Site "Willingen GER"]
[Date "2018.05.21"]
[Round "3"]
[White "Kanzow, Alexander"]
[Black "Astner, Sebastian"]
[Result "0-1"]
[Termination "normal"]
[Board "16"]
[WhiteElo "1631"]
[BlackElo "1860"]
[PlyCount "106"]
[WhiteFideId "16225414"]
[BlackFideId "12979422"]
[EventCountry "GER"]
[EventRounds "9"]
[EventType "swiss"]
[EventDate "2018.05.19"]

1. d4 d5 2. Nf3 Nf6 3. Bg5 Bf5 4. e3 e6 5. Bd3 Bg6 6. O-O Nbd7 7. Qe2 Be7 8.
Nbd2 Ne4 9. Bxe7 Qxe7 10. c3 O-O 11. Ne1 Rac8 12. f3 Nxd2 13. Qxd2 Bxd3 14.
Nxd3 c5 15. Rfe1 Qf6 16. Qf2 Rfd8 17. Rad1 cxd4 18. exd4 h6 19. Qg3 Rc6 20. Ne5
Nxe5 21. Qxe5 Qxe5 22. dxe5 Rc4 23. Kf2 Kf8 24. Ke3 Ke7 25. Rd3 Rdc8 26. Red1
Rh4 27. h3 Rh5 28. f4 g5 29. Re1 gxf4+ 30. Kxf4 Rf5+ 31. Kg3 Rg8+ 32. Kh2 Rf2
33. Rg1 Rxb2 34. Rd4 Rxa2 35. Rb4 b6 36. Rh4 Rg6 37. c4 Ra4 38. Rc1 Rxc4 39.
Rhxc4 dxc4 40. Rxc4 Kd7 41. Rf4 Rg7 42. Rh4 a5 43. Kg1 Kc6 44. Kf2 Kd5 45. Rxh6
b5 46. g4 a4 47. Ke3 Kc4 48. Rh8 a3 49. Kd2 a2 50. Ra8 Kb3 51. Ra7 Rh7 52. Ra5
b4 53. Ra8 Rxh3 0-1

[Event "DEM U14 2018"]
[Site "Willingen GER"]
[Date "2018.05.21"]
[Round "3"]
[White "Hoffmann, Simon"]
[Black "Reimer, Philip"]
[Result "1/2-1/2"]
[Termination "normal"]
[Board "17"]
[WhiteElo "1760"]
[BlackElo "1580"]
[PlyCount "119"]
[WhiteFideId "12979686"]
[BlackFideId "16235860"]
[EventCountry "GER"]
[EventRounds "9"]
[EventType "swiss"]
[EventDate "2018.05.19"]

1. e4 c5 2. Nc3 Nc6 3. g3 g6 4. Bg2 Rb8 5. d3 b5 6. Be3 d6 7. Qd2 Bg7 8. Nd1 b4
9. c3 bxc3 10. bxc3 Nf6 11. h3 O-O 12. Bh6 Bd7 13. Bxg7 Kxg7 14. Ne2 Qc7 15.
O-O Rb5 16. f4 Rfb8 17. f5 Ne5 18. g4 Rb1 19. Rxb1 Rxb1 20. g5 Nh5 21. f6+ exf6
22. gxf6+ Nxf6 23. d4 cxd4 24. cxd4 Qb6 25. Kh2 Nc4 26. Qf4 Qd8 27. e5 dxe5 28.
dxe5 Nxe5 29. Qxe5 Bxh3 30. Bxh3 Rxd1 31. Rxd1 Qxd1 32. Bg2 Qa4 33. Nc3 Qh4+
34. Kg1 Kg8 35. Nd1 Ng4 36. Qe4 f5 37. Qa8+ Kg7 38. Qxa7+ Kh6 39. Qa5 Qh2+ 40.
Kf1 Qf4+ 41. Ke2 Qc4+ 42. Ke1 Qe6+ 43. Kd2 Ne5 44. Qd5 Qe7 45. Kc2 Qc7+ 46. Nc3
Nc4 47. Qd3 47... Ne5 {(=)} 48. Qh3+ Kg7 49. a4 Qc5 50. Qg3 Nc4 51. Bd5 Ne3+
52. Kd3 Nxd5 53. Qe5+ Kf7 54. Qxd5+ Qxd5+ 55. Nxd5 Ke6 56. Kd4 Kd6 57. a5 Kc6
58. a6 f4 59. Ke4 g5 60. Nxf4 1/2-1/2

[Event "DEM U14 2018"]
[Site "Willingen GER"]
[Date "2018.05.21"]
[Round "3"]
[White "Bornholdt, Joa Max"]
[Black "Hinrichs, Paul"]
[Result "1/2-1/2"]
[Termination "normal"]
[Board "18"]
[WhiteElo "1672"]
[BlackElo "1928"]
[PlyCount "107"]
[WhiteFideId "16253477"]
[BlackFideId "12942545"]
[EventCountry "GER"]
[EventRounds "9"]
[EventType "swiss"]
[EventDate "2018.05.19"]

1. d4 d5 2. c4 c6 3. cxd5 cxd5 4. Nc3 Nf6 5. Bf4 a6 6. Nf3 Nc6 7. e3 g6 8. Bd3
Bg7 9. h3 O-O 10. O-O Bf5 11. a3 Rc8 12. Na4 Ne4 13. Rc1 e6 14. b4 g5 15. Bh2
Bg6 16. Nc5 Nxc5 17. bxc5 Re8 18. Rb1 Na5 19. Bxg6 hxg6 20. Qa4 Re7 21. Nxg5
Nc4 22. Nf3 b6 23. cxb6 Nxb6 24. Qxa6 Nc4 25. a4 Ra8 26. Qxa8 Qxa8 27. Rb8+ Re8
28. Rxa8 Rxa8 29. Ra1 Bf8 30. Ne5 Na3 31. Nd7 Be7 32. Nb6 Ra6 33. Nc8 Bf8 34.
Bd6 Bxd6 35. Nxd6 Nc2 36. Rc1 Nb4 37. Rc8+ Kg7 38. Rd8 Ra7 39. g4 Nc6 40. Rc8
Ne7 41. Re8 Nc6 42. g5 Rxa4 43. Nb7 Ra7 44. Nc5 Ne7 45. Kg2 Nf5 46. Nd3 Re7 47.
Ra8 Nd6 48. Ne5 Ne4 49. h4 Rc7 50. Ng4 Nd6 51. Nf6 Rc8 52. Ra7 Nf5 53. Kh3 Rh8
54. h5 1/2-1/2

[Event "DEM U14 2018"]
[Site "Willingen GER"]
[Date "2018.05.21"]
[Round "3"]
[White "Klaas, Heiko"]
[Black "Lutz, Ruben"]
[Result "0-1"]
[Termination "normal"]
[Board "19"]
[WhiteElo "1773"]
[BlackElo "1940"]
[PlyCount "98"]
[WhiteFideId "16215940"]
[BlackFideId "12975974"]
[EventCountry "GER"]
[EventRounds "9"]
[EventType "swiss"]
[EventDate "2018.05.19"]

1. e4 e6 2. d4 d5 3. Nd2 c5 4. exd5 exd5 5. Ngf3 Nc6 6. Bb5 Bd6 7. O-O Nge7 8.
dxc5 Bxc5 9. Nb3 Bd6 10. Nbd4 O-O 11. c3 a6 12. Bd3 h6 13. Qc2 Bd7 14. Re1 Rc8
15. Be3 Nb4 16. Bh7+ Kh8 17. Qb1 Nbc6 18. Bd3 Re8 19. Qc1 Nxd4 20. Nxd4 Nc6 21.
Qd2 Qh4 22. Nf3 Qh5 23. Bf4 Bc5 24. Bc4 Be6 25. Bb3 Rcd8 26. Ne5 Qh4 27. Bg3
Qf6 28. Re2 d4 29. Nxc6 bxc6 30. cxd4 Bxd4 31. Qc2 Bf5 32. Rxe8+ Rxe8 33. Qd2
Bxb2 34. Re1 Rxe1+ 35. Qxe1 Kh7 36. h3 Bd4 37. Qe8 Bg6 38. Qa8 c5 39. Bc4 Qg5
40. Kh2 h5 41. h4 Qf5 42. Qxa6 Bxf2 43. Qd6 Bxg3+ 44. Qxg3 Qe4 45. Bb5 c4 46.
a4 Qd4 47. Qe1 c3 48. Be2 c2 49. Qc1 Qe5+ 0-1

[Event "DEM U14 2018"]
[Site "Willingen GER"]
[Date "2018.05.21"]
[Round "3"]
[White "Khachatryan, Taron"]
[Black "Liebold, Aaron"]
[Result "1/2-1/2"]
[Termination "normal"]
[Board "20"]
[WhiteElo "1745"]
[BlackElo "1874"]
[PlyCount "44"]
[WhiteFideId "16216598"]
[BlackFideId "12997846"]
[EventCountry "GER"]
[EventRounds "9"]
[EventType "swiss"]
[EventDate "2018.05.19"]

1. Nf3 Nf6 2. g3 e6 3. Bg2 d5 4. d4 Be7 5. O-O O-O 6. Nbd2 c5 7. e3 Nc6 8. b3
b6 9. Bb2 Ba6 10. Re1 Rc8 11. a3 Ne4 12. Nxe4 dxe4 13. Ne5 f5 14. Nxc6 Rxc6 15.
c4 Rd6 16. Qc1 cxd4 17. Bxd4 Bf6 18. Bxf6 Qxf6 19. Qc2 Rd3 20. Rad1 Qc3 21.
Qxc3 Rxc3 22. Rd7 Rf7 1/2-1/2

[Event "DEM U14 2018"]
[Site "Willingen GER"]
[Date "2018.05.21"]
[Round "3"]
[White "Simukov, Erik"]
[Black "Block, Timo"]
[Result "1-0"]
[Termination "normal"]
[Board "22"]
[WhiteElo "1750"]
[BlackElo "1769"]
[PlyCount "91"]
[WhiteFideId "12995380"]
[BlackFideId "16201116"]
[EventCountry "GER"]
[EventRounds "9"]
[EventType "swiss"]
[EventDate "2018.05.19"]

1. e4 e6 2. d4 d5 3. e5 c5 4. c3 Nc6 5. Nf3 Bd7 6. a3 f6 7. Bd3 Qc7 8. Bf4 f5
9. b4 c4 10. Bc2 h6 11. h4 O-O-O 12. Nbd2 Nge7 13. g3 Be8 14. Ng1 Rg8 15. Nh3
Ng6 16. Nf3 Be7 17. Be3 Nf8 18. Qd2 Bf7 19. Nfg1 Nd7 20. f4 Bh5 21. Kf2 Qb6 22.
Nf3 Qc7 23. Rhb1 b5 24. a4 a6 25. axb5 axb5 26. Ra3 Kb7 27. Bd1 Bg4 28. Kg2 Ra8
29. Rba1 Nb6 30. Qb2 Rxa3 31. Rxa3 Ra8 32. Bc2 Qb8 33. Nf2 Bh5 34. Nd2 Ra7 35.
Nb1 Qa8 36. Bd2 Rxa3 37. Qxa3 Qxa3 38. Nxa3 Na7 39. Kh3 Bf7 40. g4 g6 41. h5
fxg4+ 42. Nxg4 gxh5 43. Nxh6 Be8 44. f5 exf5 45. Nxf5 Bd8 46. Nd6+ 1-0

[Event "DEM U14 2018"]
[Site "Willingen GER"]
[Date "2018.05.21"]
[Round "3"]
[White "Sperling, Niclas"]
[Black "Jeschke, Jan"]
[Result "1-0"]
[Termination "normal"]
[Board "23"]
[WhiteElo "1548"]
[BlackElo "1356"]
[PlyCount "107"]
[WhiteFideId "16204000"]
[BlackFideId "16225430"]
[EventCountry "GER"]
[EventRounds "9"]
[EventType "swiss"]
[EventDate "2018.05.19"]

1. e4 e6 2. d4 d5 3. exd5 exd5 4. Bd3 Nc6 5. c3 Bd6 6. Nf3 Bg4 7. Nbd2 Nge7 8.
O-O Qd7 9. b4 Ng6 10. Re1+ Nce7 11. Qc2 O-O-O 12. h3 Be6 13. Ng5 Nf4 14. Nxe6
fxe6 15. Nf3 h6 16. Ne5 Bxe5 17. Rxe5 g5 18. Bxf4 gxf4 19. Rae1 Rhg8 20. f3 Rg7
21. Rxe6 Rdg8 22. Qe2 Ng6 23. Bxg6 Rxg6 24. Re8+ Rxe8 25. Qxe8+ Qxe8 26. Rxe8+
Kd7 27. Rf8 Re6 28. Rxf4 Re3 29. Rh4 Rxc3 30. Rxh6 Rc4 31. Rg6 Rxd4 32. Rg4
Rxg4 33. fxg4 b6 34. Kf2 c5 35. bxc5 bxc5 36. Ke3 Ke6 37. h4 c4 38. Kd4 Kf6 39.
g3 Kg6 40. g5 Kf5 41. g4+ 41... Kg6 {(=)} 42. Kc3 Kf7 43. h5 Kg7 44. g6 Kf6 45.
g5+ Kg7 46. Kd4 Kf8 47. h6 Kg8 48. g7 Kf7 49. g6+ Kg8 50. Kc3 a6 51. a3 a5 52.
a4 d4+ 53. Kxd4 c3 54. h7+ 1-0

[Event "DEM U14 2018"]
[Site "Willingen GER"]
[Date "2018.05.22"]
[Round "4"]
[White "Krastev, Alexander"]
[Black "Trifan, Andrei Ioan"]
[Result "1/2-1/2"]
[Termination "normal"]
[Board "1"]
[WhiteElo "2230"]
[BlackElo "2204"]
[WhiteClock "00:47:26"]
[BlackClock "00:46:48"]
[PlyCount "41"]
[WhiteFideId "12989983"]
[BlackFideId "12967068"]
[EventCountry "GER"]
[EventRounds "9"]
[EventType "swiss"]
[EventDate "2018.05.19"]

1. e4 {[%clk 1:30:57]} 1... e5 {[%clk 1:30:55]} 2. Nf3 {[%clk 1:31:23]} 2...
Nc6 {[%clk 1:30:39]} 3. Bc4 {[%clk 1:31:49]} 3... Bc5 {[%clk 1:30:20]} 4. c3 {
[%clk 1:32:09]} 4... Nf6 {[%clk 1:30:11]} 5. d3 {[%clk 1:32:33]} 5... O-O {
[%clk 1:29:53]} 6. O-O {[%clk 1:32:51]} 6... d5 {[%clk 1:26:09]} 7. exd5 {
[%clk 1:33:07]} 7... Nxd5 {[%clk 1:26:30]} 8. Nbd2 {[%clk 1:33:21]} 8... Nb6 {
[%clk 1:25:17]} 9. b4 {[%clk 1:33:27]} 9... Be7 {[%clk 1:18:59]} 10. Qe2 {
[%clk 1:32:47]} 10... Bf5 {[%clk 1:10:31]} 11. Nxe5 {[%clk 1:12:11]} 11... Nxc4
{[%clk 1:06:02]} 12. Ndxc4 {[%clk 1:10:43]} 12... Nxe5 {[%clk 1:05:11]} 13.
Nxe5 {[%clk 1:11:00]} 13... f6 {[%clk 1:04:21]} 14. Nf3 {[%clk 1:08:39]} 14...
Bxd3 {[%clk 1:03:12]} 15. Qe6+ {[%clk 1:08:59]} 15... Kh8 {[%clk 1:02:56]} 16.
Rd1 {[%clk 0:59:31]} 16... Bc4 {[%clk 1:00:29]} 17. Qe1 {[%clk 0:59:47]} 17...
Bd6 {[%clk 0:56:12]} 18. Rd4 {[%clk 0:58:55]} 18... Re8 {[%clk 0:51:21]} 19.
Be3 {[%clk 0:59:13]} 19... Bf7 {[%clk 0:49:33]} 20. Qd2 {[%clk 0:54:44]} 20...
Qe7 {[%clk 0:46:48]} 21. Re1 {[%clk 0:47:26]} 1/2-1/2

[Event "DEM U14 2018"]
[Site "Willingen GER"]
[Date "2018.05.22"]
[Round "4"]
[White "Svane, Frederik"]
[Black "Wu, Luka"]
[Result "1-0"]
[Termination "normal"]
[Board "2"]
[WhiteElo "2264"]
[BlackElo "1953"]
[WhiteClock "00:37:51"]
[BlackClock "00:10:07"]
[PlyCount "61"]
[WhiteFideId "12923044"]
[BlackFideId "12977420"]
[EventCountry "GER"]
[EventRounds "9"]
[EventType "swiss"]
[EventDate "2018.05.19"]

1. e4 {[%clk 1:30:57]} 1... c5 {[%clk 1:30:56]} 2. Nf3 {[%clk 1:31:19]} 2... d6
{[%clk 1:31:22]} 3. d4 {[%clk 1:31:42]} 3... cxd4 {[%clk 1:31:48]} 4. Nxd4 {
[%clk 1:32:02]} 4... Nf6 {[%clk 1:32:13]} 5. Nc3 {[%clk 1:32:24]} 5... a6 {
[%clk 1:32:40]} 6. Be3 {[%clk 1:32:46]} 6... e5 {[%clk 1:33:04]} 7. Nf3 { [%clk
1:33:10]} 7... Be6 {[%clk 1:24:59]} 8. Ng5 {[%clk 1:31:56]} 8... d5 { [%clk
1:20:57]} 9. exd5 {[%clk 1:28:15]} 9... Bxd5 {[%clk 1:21:04]} 10. Nxd5 { [%clk
1:28:30]} 10... Qxd5 {[%clk 1:00:22]} 11. Qxd5 {[%clk 1:20:54]} 11... Nxd5
{[%clk 1:00:47]} 12. Bc4 {[%clk 1:20:04]} 12... Nxe3 {[%clk 0:37:14]} 13. fxe3
{[%clk 1:20:25]} 13... Bc5 {[%clk 0:37:31]} 14. Ke2 {[%clk 1:14:21]} 14... Ra7
{[%clk 0:22:27]} 15. Bxf7+ {[%clk 1:09:27]} 15... Ke7 {[%clk 0:22:52]} 16. Bb3
{[%clk 1:08:23]} 16... Nd7 {[%clk 0:22:56]} 17. Rhf1 {[%clk 1:05:04]} 17... h6
{[%clk 0:23:08]} 18. Ne4 {[%clk 0:38:58]} 18... Ke8 {[%clk 0:23:07]} 19. Rad1
{[%clk 0:37:02]} 19... b6 {[%clk 0:14:59]} 20. Rf7 {[%clk 0:35:54]} 20... Be7
{[%clk 0:11:49]} 21. Nd6+ {[%clk 0:35:17]} 21... Kd8 {[%clk 0:10:03]} 22. Nf5
{[%clk 0:35:03]} 22... Re8 {[%clk 0:10:16]} 23. Nxg7 {[%clk 0:34:40]} 23... Rh8
{[%clk 0:10:12]} 24. Nf5 {[%clk 0:35:08]} 24... Re8 {[%clk 0:10:03]} 25. Be6
{[%clk 0:35:33]} 25... Rc7 {[%clk 0:08:38]} 26. c3 {[%clk 0:35:43]} 26... b5
{[%clk 0:08:33]} 27. Bxd7 {[%clk 0:36:05]} 27... Rxd7 {[%clk 0:08:58]} 28.
Rxd7+ {[%clk 0:36:32]} 28... Kxd7 {[%clk 0:09:22]} 29. Rxe7+ {[%clk 0:37:00]}
29... Rxe7 {[%clk 0:09:43]} 30. Nxe7 {[%clk 0:37:27]} 30... Kxe7 { [%clk
0:10:07]} 31. Kf3 {[%clk 0:37:51]} 1-0

[Event "DEM U14 2018"]
[Site "Willingen GER"]
[Date "2018.05.22"]
[Round "4"]
[White "Köllner, Ruben Gideon"]
[Black "Pahl, Erik"]
[Result "1/2-1/2"]
[Termination "normal"]
[Board "3"]
[WhiteElo "2204"]
[BlackElo "2053"]
[WhiteClock "00:09:10"]
[BlackClock "00:14:51"]
[PlyCount "161"]
[WhiteFideId "12993093"]
[BlackFideId "16201272"]
[EventCountry "GER"]
[EventRounds "9"]
[EventType "swiss"]
[EventDate "2018.05.19"]

1. d4 {[%clk 1:30:56]} 1... Nf6 {[%clk 1:30:50]} 2. Bg5 {[%clk 1:31:19]} 2...
Ne4 {[%clk 1:30:53]} 3. h4 {[%clk 1:25:56]} 3... c5 {[%clk 1:26:20]} 4. d5 {
[%clk 1:12:03]} 4... Qb6 {[%clk 1:17:44]} 5. Qc1 {[%clk 1:03:21]} 5... e6 {
[%clk 1:08:24]} 6. c4 {[%clk 0:58:48]} 6... Qa5+ {[%clk 0:58:32]} 7. Nd2 {
[%clk 0:55:18]} 7... b5 {[%clk 0:55:50]} 8. Qc2 {[%clk 0:47:40]} 8... Nxd2 {
[%clk 0:54:20]} 9. Bxd2 {[%clk 0:48:02]} 9... Qb6 {[%clk 0:54:43]} 10. dxe6 {
[%clk 0:42:52]} 10... fxe6 {[%clk 0:53:29]} 11. cxb5 {[%clk 0:41:14]} 11... a6
{[%clk 0:51:15]} 12. bxa6 {[%clk 0:40:44]} 12... Bxa6 {[%clk 0:51:00]} 13. Bc3
{[%clk 0:34:37]} 13... d5 {[%clk 0:46:03]} 14. Qa4+ {[%clk 0:27:43]} 14... Qc6
{[%clk 0:44:15]} 15. Qxc6+ {[%clk 0:24:17]} 15... Nxc6 {[%clk 0:44:40]} 16. e3
{[%clk 0:22:37]} 16... Bxf1 {[%clk 0:44:14]} 17. Kxf1 {[%clk 0:23:02]} 17...
Kf7 {[%clk 0:40:41]} 18. Nf3 {[%clk 0:22:25]} 18... h6 {[%clk 0:38:22]} 19. Ke2
{[%clk 0:18:25]} 19... Be7 {[%clk 0:37:45]} 20. Rhc1 {[%clk 0:17:51]} 20... Ra6
{[%clk 0:35:34]} 21. a3 {[%clk 0:16:42]} 21... Rb8 {[%clk 0:31:29]} 22. Ne5+ {
[%clk 0:14:56]} 22... Nxe5 {[%clk 0:31:54]} 23. Bxe5 {[%clk 0:15:22]} 23... Rb3
{[%clk 0:30:30]} 24. h5 {[%clk 0:15:05]} 24... c4 {[%clk 0:27:36]} 25. Ra2 {
[%clk 0:10:08]} 25... Rab6 {[%clk 0:24:41]} 26. Bd4 {[%clk 0:09:43]} 26... Rb8
{[%clk 0:24:14]} 27. Kd2 {[%clk 0:08:02]} 27... Bf6 {[%clk 0:22:38]} 28. Bxf6 {
[%clk 0:08:06]} 28... Kxf6 {[%clk 0:22:56]} 29. Kc2 {[%clk 0:08:26]} 29... Kg5
{[%clk 0:22:27]} 30. Rh1 {[%clk 0:08:08]} 30... Ra8 {[%clk 0:21:52]} 31. a4 {
[%clk 0:08:20]} 31... Ra5 {[%clk 0:20:55]} 32. g4 {[%clk 0:06:55]} 32... Rb4 {
[%clk 0:17:09]} 33. f4+ {[%clk 0:04:11]} 33... Kxg4 {[%clk 0:15:54]} 34. Rg1+ {
[%clk 0:03:51]} 34... Kxh5 {[%clk 0:15:11]} 35. Rxg7 {[%clk 0:03:09]} 35...
Rbxa4 {[%clk 0:15:14]} 36. Rxa4 {[%clk 0:03:34]} 36... Rxa4 {[%clk 0:15:42]}
37. Kc3 {[%clk 0:03:47]} 37... Kh4 {[%clk 0:12:33]} 38. Rg6 {[%clk 0:03:36]}
38... h5 {[%clk 0:04:38]} 39. Rxe6 {[%clk 0:03:55]} 39... Kg4 {[%clk 0:04:57]}
40. Kd4 {[%clk 0:03:14]} 40... c3+ {[%clk 0:04:40]} 41. Kxc3 {[%clk 0:28:59]}
41... Rc4+ {[%clk 0:28:36]} 42. Kd3 {[%clk 0:28:36]} 42... Rb4 {[%clk 0:28:33]}
43. Rg6+ {[%clk 0:13:40]} 43... Kf5 {[%clk 0:20:37]} 44. Rg5+ {[%clk 0:12:21]}
44... Ke6 {[%clk 0:20:54]} 45. Rxh5 {[%clk 0:12:31]} 45... Rxb2 {[%clk 0:21:17]
} 46. Rh6+ {[%clk 0:12:41]} 46... Ke7 {[%clk 0:19:21]} 47. Kd4 {[%clk 0:12:32]}
47... Rd2+ {[%clk 0:19:02]} 48. Ke5 {[%clk 0:12:06]} 48... Rd3 {[%clk 0:18:44]}
49. Re6+ {[%clk 0:07:19]} 49... Kf7 {[%clk 0:18:03]} 50. Kf5 {[%clk 0:06:24]}
50... Rc3 {[%clk 0:15:03]} 51. Re5 {[%clk 0:06:07]} 51... Rd3 {[%clk 0:15:26]}
52. Kg5 {[%clk 0:05:42]} 52... Rd1 {[%clk 0:15:26]} 53. Kg4 {[%clk 0:05:44]}
53... Rd3 {[%clk 0:13:02]} 54. Kg5 {[%clk 0:06:02]} 54... Rd1 {[%clk 0:13:17]}
55. f5 {[%clk 0:05:31]} 55... Rg1+ {[%clk 0:13:21]} 56. Kf4 {[%clk 0:05:55]}
56... Rf1+ {[%clk 0:13:26]} 57. Kg4 {[%clk 0:06:17]} 57... Rg1+ {[%clk 0:10:28]
} 58. Kf3 {[%clk 0:06:33]} 58... Rf1+ {[%clk 0:10:31]} 59. Kg4 {[%clk 0:04:45]}
59... Rg1+ {[%clk 0:10:37]} 60. Kf3 {[%clk 0:04:58]} 60... Rf1+ {[%clk 0:11:01]
} 61. Ke2 {[%clk 0:05:27]} 61... Kf6 {[%clk 0:11:02]} 62. Rxd5 {[%clk 0:05:32]}
62... Rxf5 {[%clk 0:11:27]} 63. Rd6+ {[%clk 0:05:45]} 63... Ke7 {[%clk 0:10:57]
} 64. Ra6 {[%clk 0:06:06]} 64... Rb5 {[%clk 0:11:04]} 65. Kf3 {[%clk 0:06:19]}
65... Rc5 {[%clk 0:11:15]} 66. Kf4 {[%clk 0:06:43]} 66... Rb5 {[%clk 0:11:34]}
67. e4 {[%clk 0:07:07]} 67... Rc5 {[%clk 0:11:34]} 68. Rg6 {[%clk 0:04:51]}
68... Rb5 {[%clk 0:11:15]} 69. Rg3 {[%clk 0:04:39]} 69... Ke6 {[%clk 0:10:52]}
70. Rg6+ {[%clk 0:04:34]} 70... Ke7 {[%clk 0:11:17]} 71. Rg5 {[%clk 0:05:00]}
71... Rxg5 {[%clk 0:11:13]} 72. Kxg5 {[%clk 0:05:29]} 72... Ke6 {[%clk 0:11:35]
} 73. Kf4 {[%clk 0:05:51]} 73... Kf6 {[%clk 0:12:01]} 74. e5+ {[%clk 0:06:17]}
74... Ke6 {[%clk 0:12:22]} 75. Ke4 {[%clk 0:06:43]} 75... Ke7 {[%clk 0:12:46]}
76. Kf5 {[%clk 0:07:06]} 76... Kf7 {[%clk 0:13:12]} 77. e6+ {[%clk 0:07:31]}
77... Ke7 {[%clk 0:13:35]} 78. Ke5 {[%clk 0:07:57]} 78... Ke8 {[%clk 0:13:59]}
79. Kd6 {[%clk 0:08:20]} 79... Kd8 {[%clk 0:14:24]} 80. e7+ {[%clk 0:08:45]}
80... Ke8 {[%clk 0:14:51]} 81. Ke6 {[%clk 0:09:10]} 1/2-1/2

[Event "DEM U14 2018"]
[Site "Willingen GER"]
[Date "2018.05.22"]
[Round "4"]
[White "Kamp, Adrian"]
[Black "Dobrikov, Marco"]
[Result "0-1"]
[Termination "normal"]
[Board "4"]
[WhiteElo "1827"]
[BlackElo "2151"]
[WhiteClock "00:48:19"]
[BlackClock "00:17:50"]
[PlyCount "56"]
[WhiteFideId "16222466"]
[BlackFideId "12950378"]
[EventCountry "GER"]
[EventRounds "9"]
[EventType "swiss"]
[EventDate "2018.05.19"]

1. e4 {[%clk 1:30:57]} 1... c5 {[%clk 1:30:56]} 2. d4 {[%clk 1:31:20]} 2...
cxd4 {[%clk 1:31:21]} 3. c3 {[%clk 1:31:42]} 3... dxc3 {[%clk 1:31:47]} 4. Nxc3
{[%clk 1:32:07]} 4... Nc6 {[%clk 1:32:00]} 5. Nf3 {[%clk 1:32:21]} 5... e6 {
[%clk 1:32:12]} 6. Bc4 {[%clk 1:32:31]} 6... a6 {[%clk 1:32:04]} 7. O-O { [%clk
1:32:39]} 7... Nge7 {[%clk 1:32:01]} 8. Bg5 {[%clk 1:32:58]} 8... h6 { [%clk
1:32:06]} 9. Bh4 {[%clk 1:32:29]} 9... g5 {[%clk 1:31:28]} 10. Bg3 { [%clk
1:32:27]} 10... Ng6 {[%clk 1:31:11]} 11. Qe2 {[%clk 1:24:52]} 11... b5 { [%clk
1:25:06]} 12. Bb3 {[%clk 1:24:55]} 12... Be7 {[%clk 1:04:51]} 13. Rfd1 { [%clk
1:09:36]} 13... O-O {[%clk 1:01:28]} 14. e5 {[%clk 1:07:59]} 14... b4 { [%clk
0:56:31]} 15. Ne4 {[%clk 1:00:39]} 15... g4 {[%clk 0:51:27]} 16. Nfd2 { [%clk
0:59:59]} 16... Ncxe5 {[%clk 0:49:13]} 17. Nc4 {[%clk 0:57:52]} 17... Nxc4
{[%clk 0:48:43]} 18. Bxc4 {[%clk 0:58:09]} 18... d5 {[%clk 0:47:14]} 19. Bd3
{[%clk 0:56:38]} 19... f5 {[%clk 0:44:41]} 20. Nd2 {[%clk 0:56:35]} 20... Bd6
{[%clk 0:40:49]} 21. Bxd6 {[%clk 0:52:36]} 21... Qxd6 {[%clk 0:41:03]} 22. Nc4
{[%clk 0:52:03]} 22... dxc4 {[%clk 0:38:15]} 23. Bxf5 {[%clk 0:51:21]} 23...
Qe5 {[%clk 0:38:19]} 24. Qe4 {[%clk 0:51:38]} 24... Qxf5 {[%clk 0:31:40]} 25.
Qxa8 {[%clk 0:51:56]} 25... Qxf2+ {[%clk 0:32:05]} 26. Kh1 {[%clk 0:52:23]}
26... Nf4 {[%clk 0:20:13]} 27. Rf1 {[%clk 0:50:42]} 27... Qxb2 {[%clk 0:17:41]}
28. g3 {[%clk 0:48:19]} 28... Qg7 {[%clk 0:17:50]} 0-1